Представление документа в формате RUSMARC

ПолеНазваниеЗначение
  Тип записи a
  Библиографический уровень m
001 Контрольный номер 6072f5a68d6e4c52aeef952a4738a238
005 Дата корректировки 20200313094919.9
010 Индекс ISBN __
a ISBN 5-94798-955-7
101 Язык документа 0_
a Язык текста rus
102 Страна публикации __
a Страна публикации RU
200 Заглавие и сведения об ответственности 1_
a Заглавие Внешнеэкономическая деятельность
b Общее обозначение материала Текст
e Сведения, относящиеся к заглавию Учебник
f Первые сведения об ответственности Е.Ф. Прокушев
205 Сведения об издании __
a Основные сведения об издании 3-е изд., испр. и доп.
210 Выходные данные 1_
a Место издания М.
c Издательство Издательско-торговая корпорация "Дашков и К"
d Дата издания 2006
215 Физическое описание __
a Объем 448 с.
610 Ключевые слова 0_
a Ключевые слова внешнеэкономическая деятельность
a Ключевые слова регулирование внешнеэкономической деятельности
a Ключевые слова транспортное обеспечение международных перевозок
a Ключевые слова маркетинг во внешнеэкономической деятельности
686 Индексы других классификаций __
a Классификационный индекс 65.298
700 Автор _1
a Фамилия Прокушев
b Имя Е.Ф.
801 Источник записи _0
a Страна RU
b Организация РУК
g Правила каталогизации PSBO
801 Источник записи _1
a Страна RU
b Организация РУК
g Правила каталогизации PSBO
852 Данные о местонахождении __
i Авторский знак П 80
j Шифр хранения ББК 65.298
901 Тип документа __
t Тип документа m
937 Технологическая информация __
a Создатель записи (имя) ОрловаОВ
938 Служебная информация __
a Название организации Смоленский филиал
938 Служебная информация __
a Название организации Владимирский филиал
952 Тип литературы __
c Вид литературы учебник